Statistics for Countries with similar English-French names

Click here to take the quiz!

General Stats

  • This quiz has been taken 39 times
    (28 since last reset)
  • The average score is 30 of 35

Answer Stats

EnglishFrench% Correct
AlbaniaAlbanie
100%
ArgentinaArgentine
100%
AustraliaAustralie
100%
BoliviaBolivie
100%
BulgariaBulgarie
100%
CroatiaCroatie
100%
EstoniaEstonie
100%
AndorraAndorre
96%
ChinaChine
96%
ColombiaColombie
96%
GambiaGambie
96%
LibyaLibye
96%
MauritaniaMauritanie
96%
MongoliaMongolie
96%
NamibiaNamibie
96%
RussiaRussie
96%
SerbiaSerbie
96%
SomaliaSomalie
96%
TanzaniaTanzanie
96%
TunisiaTunisie
96%
ZambiaZambie
96%
MaltaMalte
92%
SyriaSyrie
92%
GrenadaGrenade
88%
ChileChili
80%
FinlandFinlande
80%
IraqIrak
76%
JapanJapon
76%
CameroonCameroun
68%
SudanSoudan
60%
TajikistanTadjikistan
52%
ComorosComores
48%
FijiFidji
48%
BhutanBhoutan
40%
UgandaOuganda
40%

Score Distribution

Percentile by Number Answered

Percent of People with Each Score

Your Score History

You have not taken this quiz since the last reset